书目信息 |
| 题名: |
土地承包纠纷实用法律手册
|
|
| 作者: | 《常见纠纷法律手册》编写组 编著 | |
| 分册: | ||
| 出版信息: | 北京 中国法制出版社 2010.01 |
|
| 页数: | 389页 | |
| 开本: | 21cm | |
| 丛书名: | 金钥匙系列 | |
| 单 册: | ||
| 中图分类: | D922.49 | |
| 科图分类: | ||
| 主题词: | 农村土地承包法--基本知识--中国 , 农村土地承包法--案例--分析--中国 | |
| 电子资源: | ||
| ISBN: | 978-7-5093-1593-4 | |
| 000 | 01064nam 2200277 450 | |
| 001 | 012010610961 | |
| 005 | 20100527174337.99 | |
| 009 | 012004421518 | |
| 010 | @a978-7-5093-1593-4@dCNY29.00 | |
| 100 | @a20100515d2010 em y0chiy0110 ea | |
| 101 | 0 | @achi |
| 102 | @aCN@b110000 | |
| 105 | @ay z 000yy | |
| 200 | 1 | @a土地承包纠纷实用法律手册@Atu di cheng bao jiu fen shi yong fa lv shou ce@f《常见纠纷法律手册》编写组编著@F《chang jian jiu fen fa lu shou ce》bian xie zu bian zhu |
| 210 | @a北京@c中国法制出版社@d2010.01 | |
| 215 | @a389页@d21cm | |
| 225 | 2 | @a金钥匙系列@i常见纠纷法律手册@v17 |
| 304 | @a责任者:取自版权页 | |
| 330 | @a本书选取了有关土地承包经营权属与登记、土地承包经营权的流转、“四荒”资源的承包经营、争议解决等方面内容。 | |
| 410 | 0 | @12001 @a常见纠纷法律手册@v17 |
| 606 | 0 | @a农村土地承包法@x基本知识@y中国 |
| 606 | 0 | @a农村土地承包法@x案例@x分析@y中国 |
| 690 | @aD922.49@v4 | |
| 701 | 0 | @a《常见纠纷法律手册》编写组@A《chang jian jiu fen fa lu shou ce》bian xie zu@4编著 |
| 801 | 0 | @aCN@c20100515 |
| 905 | @dD922.49@eC280@f3 | |
| 土地承包纠纷实用法律手册/《常见纠纷法律手册》编写组编著.-北京:中国法制出版社,2010.01 |
| 389页;21cm.-(金钥匙系列.常见纠纷法律手册;17) |
| ISBN 978-7-5093-1593-4:CNY29.00 |
| 本书选取了有关土地承包经营权属与登记、土地承包经营权的流转、“四荒”资源的承包经营、争议解决等方面内容。 |
| ● |
| 相关链接 |
|
|
|
正题名:土地承包纠纷实用法律手册
索取号:D922.49/C280
 
预约/预借
| 序号 | 登录号 | 条形码 | 馆藏地/架位号 | 状态 | 备注 |